Guatemala a la luz de los estados unidos (1900-1929) : (notas históricas) /
Gorde:
| Egile nagusia: | |
|---|---|
| Formatua: | Texto |
| Etiketak: |
Etiketa erantsi
Etiketarik gabe, Izan zaitez lehena erregistro honi etiketa jartzen!
|
MARC
| LEADER | 00000 a a2200000 04500 | ||
|---|---|---|---|
| 001 | 45343 | ||
| 003 | |||
| 040 | |||
| 090 | |a REV0780 (17)1985 | ||
| 100 | |a González D., Fernando | ||
| 245 | |a Guatemala a la luz de los estados unidos (1900-1929) : |b (notas históricas) / |c Fernando González D. | ||
| 773 | |g número17, III Epoca (Julio - Diciembre, 1985), páginas 69-109 | ||
| 999 | |c 27574 |d 27574 | ||
